| 000 | 01003nam a22002897a 4500 | ||
|---|---|---|---|
| 003 | DO-SdBNP | ||
| 005 | 20240716121849.0 | ||
| 007 | ta | ||
| 008 | 210901e2014 dr ||||grd||| 001 0 spa d | ||
| 020 | _a9781936421204 | ||
| 040 |
_aDO-SdBNP _bspa _cBNPHU |
||
| 041 | _hspa | ||
| 082 | 4 |
_222 _aR 302.22203 _bP437di |
|
| 100 | 1 |
_97195 _aPérez, Faustino, _d1945- |
|
| 245 | 1 | 3 |
_aDiccionario de gestos dominicanos / _cFaustino Pérez ; prólogo Carlos Hernández Soto. |
| 260 |
_aSanto Domingo : _bConventional Gesture, _bARF, _c2014 |
||
| 300 |
_a302 p.; _bil.; _c22 cm |
||
| 504 | _aBibliografía: p. 299-302 | ||
| 590 | _aInventariado 2021 / MF | ||
| 650 | 4 |
_aGesto _zRepública Dominicana _vDiccionarios _979692 |
|
| 650 | 0 |
_aComunicación no verbal _945661 |
|
| 650 | 4 |
_aLenguaje por señas _945662 |
|
| 650 | 4 |
_aExpresión corporal _zRepública Dominicana _vDiccionarios _979693 |
|
| 700 |
_aHernández Soto, Carlos _epról. _91368 |
||
| 830 |
_aAdvanced Reasoning forum _979694 |
||
| 942 |
_2ddc _cLBS1 |
||
| 999 |
_c50368 _d50368 |
||